000
00346nam a2200133Ia 4500
008
231129s1993||||xx |||||||||||||| ||spa||
020
_a
968-24-4584-1
040
_b
spa
082
_a
747 R294
245
0
_a
Recámaras: remodelación y decoración
260
_c
1993
264
_a
Trillas
942
_2
ddc
_c
BKS
999
_c
23760
_d
23760